Consultation on expansion of crofting (Record no. 79413)

MARC details
000 -LEADER
fixed length control field 01452cad a22002175a 4500
001 - CONTROL NUMBER
control field E141028
008 - FIXED-LENGTH DATA ELEMENTS--GENERAL INFORMATION
fixed length control field 071025e20071001stk f s000 0 eng d
035 ## - SYSTEM CONTROL NUMBER
System control number (Sirsi) u141028
041 0# - LANGUAGE CODE
Language code of text/sound track or separate title eng
110 1# - MAIN ENTRY--CORPORATE NAME
Corporate name or jurisdiction name as entry element Scotland
Subordinate unit Scottish Government
9 (RLIN) 5344
245 00 - TITLE STATEMENT
Title Consultation on expansion of crofting
260 ## - PUBLICATION, DISTRIBUTION, ETC.
Date of publication, distribution, etc. 2007
490 #0 - SERIES STATEMENT
Series statement Scottish Government News Release
Volume/sequential designation 1 October 2007
520 ## - SUMMARY, ETC.
Summary, etc. The possible expansion of crofting outwith the traditional crofting counties is to be the subject of consultation. Environment Minister, Michael Russell, stressed the importance of crofting to rural economies and the on-going work of the Committee of Inquiry which is currently considering a vision for the future of crofting. Section 3A(1) of the Crofters (Scotland) Act 1993 (inserted by the 2007 Act) allows Scottish Ministers to designate new areas in Scotland where crofts can be created, with the approval of the Crofters Commission. The results of the consultation on designating new areas should be available for consideration at the same time as the Committee of Inquiry's recommendations in early 2008.
650 24 - SUBJECT ADDED ENTRY--TOPICAL TERM
Topical term or geographic name entry element CROFTERS (SCOTLAND) ACT 1993, S.3(1)
650 24 - SUBJECT ADDED ENTRY--TOPICAL TERM
Topical term or geographic name entry element CROFTERS (SCOTLAND) ACT 1993
651 #4 - SUBJECT ADDED ENTRY--GEOGRAPHIC NAME
Geographic name Scotland
Chronological subdivision 1999-
690 ## - LOCAL SUBJECT ADDED ENTRY--TOPICAL TERM (OCLC, RLIN)
Topical term or geographic name as entry element PROPERTY-RURAL AND NATURAL ASSETS-AGRICULTURAL PROPERTY
856 41 - ELECTRONIC LOCATION AND ACCESS
Uniform Resource Identifier <a href="https://www.scotland.gov.uk/News/Releases/2007/10/01165647">https://www.scotland.gov.uk/News/Releases/2007/10/01165647</a>
Public note View the item free of charge at www.scotland.gov.uk...
942 ## - ADDED ENTRY ELEMENTS (KOHA)
Suppress in OPAC 0
Holdings
Withdrawn status Lost status Source of classification or shelving scheme Damaged status Not for loan Home library Current library Shelving location Date acquired Total Checkouts Full call number Barcode Date last seen Copy number Price effective from Koha item type
    Dewey Decimal Classification     Virtual Virtual Online 25/10/2007   ONLINE PUBLICATION 141028-2001 06/08/2019 1 06/08/2019 Journal article